000 01295nam a2200325 a 4500
001 000034696
005 20200930073839.0
008 111019s1962 sp a 000 0bspa d
040 _aDO-SdBNP
_bspa
_cBNPHU
082 _a923.9
_bG329P, 1962
100 1 _aPrawdin, Michael,
_d1894-1970
_960136
240 1 0 _aTschingis-kan, und sein erbe
_lespañol
245 1 0 _aGengis-Kan :
_bel conquistador de Asia /
_cMichael Prawdin ; traducción del alemán Guillermo y Luís Gossé ; revisión literaria Carlos del Corral Casal.
250 _a3a ed.
260 _aBarcelona :
_bJuventud,
_c1962.
300 _a430 p., [14] p. de lám. :
_bil., retrs.., mapas ;
_c22 cm.
490 1 _aGrandes biografías
500 _aTraducido del alemán.
500 _aIncluye árbol genealógico y cronológica de los Gengisidas.
504 _aBibliografía: p. [425]-428.
590 _aPerteneció a la biblioteca personal de Juan Isidro Jimenes Grullón
600 0 4 _aGENGHIS KAN,
_d1162-1227
_960137
650 4 _aMongoles
_xHistoria
_960138
651 4 _aMongolia
_xHistoria
_960139
700 1 2 _aGosse, Guillermo,
_etr.
_960140
700 1 2 _aGosse, Luis,
_etr.
_960141
700 1 2 _aCorral Casal, Carlos del
_919917
830 0 _aGrandes biografías
_911230
910 _aValidado. Control de calidad BNPHU
999 _c34187
_d34187